00350nam a2200157Ia 4500008004100000020001500041041001200056082001600068100001400084245002300098250000800121260002500129300000800154650001500162700001500177221030s9999 xx 000 0 und d a0070600007 aEnglish a105.23bHai aJ. E Hair 0aMarketing Research a3rd bTMHaNew Delhic2006 a700 aManagement aR. P. Bush